00705nam 2200169 45000010005000000900009000051000041000141010008000552000133000632100061001963000015002576060031002726060049003037100074003528010020004269950089004466074 a6074 a20190729k u||y0frey50 ba afre aAprès l'avertissement de Tchernobyl, ce qu'on ne peut plus ignorer sur l'industrie nucléaire bBrochureeFiche n. 4fECOROPA cECOROPAf22 rue d'Annam, 75020 ParisgImprimerie Edit 71 aSans date. 9648aNucléaire (Energie) aCentrale de TchernobylyUkraine - URSS96982 96983aEuropean Network for Ecological Reflection and Action (ECOROPA) aCHbCH-002049-8 10203052026-06-1297054bARCHICcARCHICeBrochuresf7900hContratomkBroch 2731o1